| 000 | 00494cam a2200181ua 4500 | ||
|---|---|---|---|
| 020 | _c1.25 | ||
| 041 |
_amal _h |
||
| 082 |
_a494.812 09 _bRAM/DR |
||
| 100 | _aRamavarma, Appan Thampuran . | ||
| 245 |
_aDravida vrithangalum avayude dashaparinamangalum / _cRamavarma Appan Thampuram. _hTextual Documents |
||
| 250 |
_a2 / _b. |
||
| 260 |
_aThrissur : _bThe Mangalodayam Pvt Ltd , _c1954. |
||
| 300 | _a108 ; . | ||
| 365 | _a1.25 | ||
| 504 | _a | ||
| 942 | _cBK | ||
| 999 |
_c6487 _d6487 |
||